Top 50 Book of Mormon Names of Jesus Christ - Statistics

General Stats
  • This quiz has been taken 48 times
  • The average score is 9 of 50
Answer Stats
Mentions Name % Correct
116 Jesus
93%
1,257 God
77%
318 Christ
74%
44 Son
72%
1,198 Lord
63%
9 Savior
58%
34 Redeemer
53%
51 Son of God
47%
227 Father
44%
29 Messiah
44%
35 Lamb
42%
57 Jesus Christ
40%
35 Lamb of God
30%
6 Holy One
21%
86 Spirit
16%
11 God of Israel
12%
7 Good Shepherd
12%
95 Holy Ghost
12%
15 Holy Spirit
12%
39 Holy One of Israel
9%
106 Lord God
9%
5 Only Begotten Son
9%
6 Prophet
9%
8 God of Abraham
7%
8 God of Isaac
7%
9 God of Jacob
7%
5 Light of the World
7%
102 Lord My/Our/Your/Their God
5%
4 Lord My/Our/Your/Their Redeemer
5%
52 Lord of Hosts
5%
33 Lord of the Vineyard
5%
4 Almighty God
2%
8 Eternal Father
2%
6 Father Who is/art in Heaven
2%
9 God the Father
2%
18 Great Spirit
2%
4 Heavenly Father
2%
5 Life of the World
2%
17 Spirit of God
2%
38 Spirit of the Lord
2%
6 Eternal God
0%
4 Father of Heaven and Earth
0%
7 God of Miracles
0%
5 Holy God
0%
4 Lord God Almighty
0%
5 Lord God of Hosts
0%
17 Lord Jesus Christ
0%
5 Most High God
0%
5 Son of the Living God
0%
8 True and Living God
0%
No matching quizzes found
Score Distribution
Percent of People with Each Score
Percentile by Number Answered
Your Score History
You have not taken this quiz